Sefer Emunat shemuʼel ... (Record no. 32777)

MARC details
000 -LEADER
fixed length control field 00700cam a22002171 4500
001 - CONTROL NUMBER
control field he 67002334
003 - CONTROL NUMBER IDENTIFIER
control field DLC
005 - DATE AND TIME OF LATEST TRANSACTION
control field 20260227111451.0
008 - FIXED-LENGTH DATA ELEMENTS--GENERAL INFORMATION
fixed length control field 880623s1683 gw 000 0 hebr
010 ## - LIBRARY OF CONGRESS CONTROL NUMBER
LC control number he 67002334
035 ## - SYSTEM CONTROL NUMBER
System control number (OCoLC)18126802
040 ## - CATALOGING SOURCE
Original cataloging agency DLC
Transcribing agency CoDU
Modifying agency CoDU
-- DLC
042 ## - AUTHENTICATION CODE
Authentication code premarc
050 00 - LIBRARY OF CONGRESS CALL NUMBER
Classification number BM522.59
Item number .A52
100 1# - MAIN ENTRY--PERSONAL NAME
Personal name Kaidanover, Aaron Samuel,
Dates associated with a name 1614-1676.
240 10 - UNIFORM TITLE
Uniform title Emunat Shemuʼel
245 10 - TITLE STATEMENT
Title Sefer Emunat shemuʼel ...
Remainder of title sheʼelot u-teshuvot leha-Gaʼon Aharon Shemuʼel Ḳaidanover.
Statement of responsibility, etc. Ṿe-huva le-vet ha-defus ʻa.y. Tsevi Ḳaidanover.
260 ## - PUBLICATION, DISTRIBUTION, ETC.
Place of publication, distribution, etc. Ṿranḳvurṭ de-Main,
Date of publication, distribution, etc. 443 [1683]
300 ## - PHYSICAL DESCRIPTION
Extent 64 l.
Dimensions 20 cm.
650 #0 - SUBJECT ADDED ENTRY--TOPICAL TERM
Topical term or geographic name entry element Responsa
Chronological subdivision 1600-1800.

No items available.

Powered by Koha